000 00428 a2200145 4500
245 _aMindblast, or, The definitive buddy
_hprint
020 _a0869253212 (pbk.)
650 _aAfrican Literature
005 20191021095344.0
260 _aenk
_bCollege Press
_c1984
084 _aPR9390.9.M3 A6 1984
300 _a159 p.
_b 21 cm.
_c159 p. ; 21 cm.
500 _aDambudzo Marechera.
490 _aModern writers of Zimbabwe
999 _c12136
_d12136